Statistics for Team Logo - Big South Conference

Click here to take the quiz!

General Stats

  • This quiz has been taken 24 times
  • The average score is 6 of 9

Answer Stats

Answer% Correct
High Point Panthers
94%
Gardner–Webb Runnin' Bulldogs
88%
Presbyterian Blue Hose
81%
Winthrop Eagles
75%
Radford Highlanders
69%
Charleston Southern Buccaneers
63%
Longwood Lancers
56%
UNC Asheville Bulldogs
56%
USC Upstate Spartans
50%

Score Distribution

Percentile by Number Answered

Percent of People with Each Score

Your Score History

You have not taken this quiz